000 00581nam a2200193Ia 4500
005 20260429112024.0
008 260429s9999||||xx |||||||||||||| ||und||
020 _a9781032543413
041 _aEnglish
082 _a370.71
_bAVI
100 _aAvidov-Ungar, Orit
245 0 _aPersonalized continuing professional learning of teachers :
_ba global perspective /
_cOrit Avidov-Ungar
250 _a1st ed.
260 _aNew York :
_bRoutledge,
_c2024.
300 _avi, 188 p.; pbk
650 _a Lifelong learning
650 _aTeacher professional development
942 _cTB
999 _c51934
_d51934